000 00365nam a2200157Ia 4500
005 20250423100334.0
008 250422s9999 xx 000 0 und d
020 _a9780728384
050 _aKP 84.5 .A3/
100 _aAbuh adah
245 0 _aNigerian- companies income tax.
260 _c2007
300 _a275 p
650 _aCompany income tax.
942 _cBK
999 _c33007
_d33007